000 00443cam a2200181 4500
001 D9576
008 090401t1983 xxu||||| |||| 00| 0 eng d
035 _a(Sirsi) u20749
041 _aeng
050 _a692.50973
100 _aVan Kempen, Jay R
245 _aConstruction cost estimating
260 _aReston, Virginia
_bReston Publishing Co
_c1983
300 _aviii. 232p. 24cm
350 _a17.95
942 _n0
948 _c04/03/1997
999 _c87867
_d87867